Criminología /

Contiene: Introducción; Explicación de la Criminalidad; La Dinámica Criminal; Reacción Social.

Guardat en:
Dades bibliogràfiques
Autor principal: Reyes Echandía, Alfonso (autor)
Format: Llibre
Idioma:espanyol
Edició:8a edición
Matèries:
Etiquetes: Afegir etiqueta
Sense etiquetes, Sigues el primer a etiquetar aquest registre!

MARC

LEADER 00000nam^a2200000^a^4500
001 000031711
005 20250521000000.0
009 20260310085052.995
020 |a 958-604-244-5 
037 |a Acervo ITESO - Biblioteca 
041 |a ESP 
082 |a 364.  |b REY 
100 |a Reyes Echandía, Alfonso  |e (autor) 
245 1 0 |a Criminología /  |c A. Reyes Echandía. 
250 |a 8a edición 
264 |a Bogotá, Colombia :  |b Temis,  |c 1987 
300 |a 360 p. 
336 |a texto  |b txt  |2 rdacontenido 
337 |a sin mediación  |b n  |2 rdamedio 
338 |a volumen  |b nc  |2 rdasoporte 
520 |a Contiene: Introducción; Explicación de la Criminalidad; La Dinámica Criminal; Reacción Social. 
649 |a XX 
650 |a Criminología 
650 |a Derecho Público 
910 |a Fondo General 
920 |a Impresos - Libros 
930 |a Colección General 
905 |a 101 
901 |a 0317110100  |b IT1  |c ACC  |i 031711  |u 20250521 
902 |a https://opac.biblio.iteso.mx/vufind/Record/000031711